Central Library || Chittagong University

A passage to France : the third volume of the autobiography of Taha Husain.// (Record no. 111447)

MARC details
000 -LEADER
fixed length control field 00472nam a22001577a 4500
003 - CONTROL NUMBER IDENTIFIER
control field BD-ChCU
005 - DATE AND TIME OF LATEST TRANSACTION
control field 20260203095713.0
008 - FIXED-LENGTH DATA ELEMENTS--GENERAL INFORMATION
fixed length control field 260203b bg ||||| |||| 00| 0 ben d
040 ## - CATALOGING SOURCE
Transcribing agency BD-ChCU
082 ## - DEWEY DECIMAL CLASSIFICATION NUMBER
Classification number 297.092 TAP
100 ## - MAIN ENTRY--PERSONAL NAME
Personal name Taha Husain.
9 (RLIN) 20032
245 ## - TITLE STATEMENT
Title A passage to France : the third volume of the autobiography of Taha Husain.//
Statement of responsibility, etc. Taha Husain
260 ## - PUBLICATION, DISTRIBUTION, ETC.
Place of publication, distribution, etc. Leidan.
Name of publisher, distributor, etc. E. J. Brill
Date of publication, distribution, etc. 1976
650 #0 - SUBJECT ADDED ENTRY--TOPICAL TERM
Topical term or geographic name entry element Taha Husain - Biography.
9 (RLIN) 20034
942 ## - ADDED ENTRY ELEMENTS (KOHA)
Source of classification or shelving scheme Dewey Decimal Classification
Koha item type Books
Suppress in OPAC No
Holdings
Withdrawn status Lost status Source of classification or shelving scheme Damaged status Not for loan Home library Current library Shelving location Date acquired Source of acquisition Total Checkouts Full call number Barcode Date last seen Copy number Price effective from Koha item type
    Dewey Decimal Classification     Chittagong University Library Chittagong University Library Arts and Humanities Reading Room 02/03/2026 Purchase   297.092 TA{ 114155 02/03/2026 C-1 02/03/2026 Books
© Copyright 2025. Chittagong University Library, Installation and Maintenance by Prof. Dr. Md. Alamgir, 01711306253